[Event "ODJM B 2024"]
[Site "Willingen GER"]
[Date "2024.05.25"]
[Round "9"]
[White "Malan, Jan-Willem"]
[Black "Briese, Paul"]
[Result "0-1"]
[Termination "normal"]
[Board "38"]
[WhiteElo "1664"]
[BlackElo "1625"]
[WhiteClock "00:17:40"]
[BlackClock "00:23:42"]
[PlyCount "119"]
[WhiteFideId "34624260"]
[BlackFideId "16273826"]
[EventCountry "GER"]
[EventRounds "9"]
[EventType "swiss"]
[EventDate "2024.05.18"]

1. c4 {[%clk 01:30:58]} {[%emt 00:00:02]} e5 {[%clk 01:30:55]} {[%emt
00:00:06]} 2. g3 {[%clk 01:31:20]} {[%emt 00:00:07]} f5 {[%clk 01:31:18]}
{[%emt 00:00:07]} 3. Bg2 {[%clk 01:31:43]} {[%emt 00:00:07]} d6 {[%clk
01:31:37]} {[%emt 00:00:12]} 4. Nc3 {[%clk 01:31:53]} {[%emt 00:00:20]} Nf6
{[%clk 01:31:56]} {[%emt 00:00:11]} 5. e3 {[%clk 01:31:51]} {[%emt 00:00:32]}
Be7 {[%clk 01:31:53]} {[%emt 00:00:32]} 6. Nge2 {[%clk 01:32:09]} {[%emt
00:00:13]} O-O {[%clk 01:31:50]} {[%emt 00:00:33]} 7. d4 {[%clk 01:32:07]}
{[%emt 00:00:32]} e4 {[%clk 01:28:14]} {[%emt 00:04:05]} 8. d5 {[%clk
01:31:12]} {[%emt 00:01:26]} Nbd7 {[%clk 01:27:38]} {[%emt 00:01:06]} 9. b4
{[%clk 01:28:05]} {[%emt 00:03:37]} Ne5 {[%clk 01:27:25]} {[%emt 00:00:42]} 10.
O-O {[%clk 01:25:01]} {[%emt 00:03:34]} Nxc4 {[%clk 01:27:03]} {[%emt
00:00:52]} 11. Qb3 {[%clk 01:17:45]} {[%emt 00:07:47]} Ne5 {[%clk 01:26:46]}
{[%emt 00:00:47]} 12. Nd4 {[%clk 01:17:22]} {[%emt 00:00:53]} Qe8 {[%clk
01:23:26]} {[%emt 00:03:49]} 13. a4 {[%clk 01:07:21]} {[%emt 00:10:31]} Qh5
{[%clk 01:20:21]} {[%emt 00:03:35]} 14. Qd1 {[%clk 01:04:17]} {[%emt 00:03:35]}
Qh6 {[%clk 01:15:58]} {[%emt 00:04:52]} 15. Ba3 {[%clk 00:55:59]} {[%emt
00:08:48]} g5 {[%clk 01:13:48]} {[%emt 00:02:39]} 16. f3 {[%clk 00:49:09]}
{[%emt 00:07:20]} exf3 {[%clk 01:11:42]} {[%emt 00:02:35]} 17. Nxf3 {[%clk
00:47:30]} {[%emt 00:02:10]} Nxf3+ {[%clk 01:09:13]} {[%emt 00:02:58]} 18. Qxf3
{[%clk 00:47:08]} {[%emt 00:00:52]} Ng4 {[%clk 01:08:10]} {[%emt 00:01:34]} 19.
h3 {[%clk 00:45:58]} {[%emt 00:01:39]} Ne5 {[%clk 01:07:37]} {[%emt 00:01:03]}
20. Qf2 {[%clk 00:41:11]} {[%emt 00:05:17]} Bd7 {[%clk 01:03:37]} {[%emt
00:04:30]} 21. Bc1 {[%clk 00:38:34]} {[%emt 00:03:07]} Nd3 {[%clk 00:56:48]}
{[%emt 00:07:20]} 22. Qe2 {[%clk 00:36:18]} {[%emt 00:02:45]} Nxc1 {[%clk
00:53:52]} {[%emt 00:03:26]} 23. Raxc1 {[%clk 00:35:33]} {[%emt 00:01:15]} f4
{[%clk 00:40:08]} {[%emt 00:14:15]} 24. exf4 {[%clk 00:33:19]} {[%emt
00:02:44]} Rae8 {[%clk 00:33:53]} {[%emt 00:06:45]} 25. fxg5 {[%clk 00:32:54]}
{[%emt 00:00:54]} Bxg5 {[%clk 00:31:44]} {[%emt 00:02:39]} 26. Rxf8+ {[%clk
00:30:45]} {[%emt 00:02:39]} Qxf8 {[%clk 00:31:08]} {[%emt 00:01:06]} 27. Rf1
{[%clk 00:31:00]} {[%emt 00:00:15]} Rxe2 {[%clk 00:30:36]} {[%emt 00:01:02]}
28. Rxf8+ {[%clk 00:31:23]} {[%emt 00:00:07]} Kxf8 {[%clk 00:31:01]} {[%emt
00:00:05]} 29. Nxe2 {[%clk 00:31:47]} {[%emt 00:00:05]} Bxa4 {[%clk 00:31:04]}
{[%emt 00:00:27]} 30. Nf4 {[%clk 00:30:48]} {[%emt 00:01:29]} Bxf4 {[%clk
00:30:10]} {[%emt 00:01:23]} 31. gxf4 {[%clk 00:31:07]} {[%emt 00:00:11]} Kg7
{[%clk 00:30:15]} {[%emt 00:00:25]} 32. Be4 {[%clk 00:31:16]} {[%emt 00:00:21]}
c6 {[%clk 00:29:20]} {[%emt 00:01:26]} 33. Kf2 {[%clk 00:31:11]} {[%emt
00:00:34]} cxd5 {[%clk 00:28:51]} {[%emt 00:01:00]} 34. Bxd5 {[%clk 00:31:33]}
{[%emt 00:00:07]} Bc6 {[%clk 00:29:05]} {[%emt 00:00:16]} 35. Bc4 {[%clk
00:30:32]} {[%emt 00:01:31]} Kf6 {[%clk 00:26:56]} {[%emt 00:02:39]} 36. Ke3
{[%clk 00:30:04]} {[%emt 00:00:58]} h5 {[%clk 00:26:19]} {[%emt 00:01:07]} 37.
h4 {[%clk 00:29:36]} {[%emt 00:00:58]} Kf5 {[%clk 00:26:26]} {[%emt 00:00:23]}
38. Be2 {[%clk 00:29:51]} {[%emt 00:00:15]} Be8 {[%clk 00:26:35]} {[%emt
00:00:22]} 39. Bf3 {[%clk 00:29:26]} {[%emt 00:00:55]} b6 {[%clk 00:26:16]}
{[%emt 00:00:49]} 40. Be2 {[%clk 00:20:27]} {[%emt 00:09:29]} a5 {[%clk
00:26:01]} {[%emt 00:00:45]} 41. bxa5 {[%clk 00:19:22]} {[%emt 00:01:34]} bxa5
{[%clk 00:25:57]} {[%emt 00:00:34]} 42. Kf3 {[%clk 00:19:16]} {[%emt 00:00:36]}
a4 {[%clk 00:24:46]} {[%emt 00:01:42]} 43. Bc4 {[%clk 00:13:54]} {[%emt
00:05:52]} Bc6+ {[%clk 00:22:19]} {[%emt 00:02:56]} 44. Kg3 {[%clk 00:13:46]}
{[%emt 00:00:38]} a3 {[%clk 00:21:58]} {[%emt 00:00:52]} 45. Bb3 {[%clk
00:13:40]} {[%emt 00:00:36]} Be4 {[%clk 00:21:21]} {[%emt 00:01:06]} 46. Ba2
{[%clk 00:13:52]} {[%emt 00:00:19]} d5 {[%clk 00:21:25]} {[%emt 00:00:26]} 47.
Bb3 {[%clk 00:12:37]} {[%emt 00:01:44]} Bb1 {[%clk 00:19:31]} {[%emt 00:02:26]}
48. Bxd5 {[%clk 00:12:57]} {[%emt 00:00:09]} a2 {[%clk 00:19:56]} {[%emt
00:00:06]} 49. Bxa2 {[%clk 00:13:19]} {[%emt 00:00:08]} Bxa2 {[%clk 00:20:24]}
{[%emt 00:00:01]} 50. Kf3 {[%clk 00:13:43]} {[%emt 00:00:04]} Bd5+ {[%clk
00:20:52]} {[%emt 00:00:04]} 51. Kg3 {[%clk 00:14:06]} {[%emt 00:00:07]} Be4
{[%clk 00:21:13]} {[%emt 00:00:08]} 52. Kh3 {[%clk 00:14:23]} {[%emt 00:00:13]}
Kxf4 {[%clk 00:21:34]} {[%emt 00:00:09]} 53. Kh2 {[%clk 00:14:47]} {[%emt
00:00:05]} Kg4 {[%clk 00:21:58]} {[%emt 00:00:07]} 54. Kg1 {[%clk 00:15:04]}
{[%emt 00:00:13]} Kxh4 {[%clk 00:22:22]} {[%emt 00:00:06]} 55. Kh2 {[%clk
00:15:29]} {[%emt 00:00:05]} Kg4 {[%clk 00:22:43]} {[%emt 00:00:09]} 56. Kg1
{[%clk 00:15:57]} {[%emt 00:00:02]} h4 {[%clk 00:22:59]} {[%emt 00:00:13]} 57.
Kh2 {[%clk 00:16:24]} {[%emt 00:00:03]} h3 {[%clk 00:23:14]} {[%emt 00:00:16]}
58. Kg1 {[%clk 00:16:51]} {[%emt 00:00:03]} Kg3 {[%clk 00:23:33]} {[%emt
00:00:11]} 59. Kf1 {[%clk 00:17:17]} {[%emt 00:00:03]} Bg2+ {[%clk 00:23:42]}
{[%emt 00:00:21]} 60. Ke2 {[%clk 00:17:40]} {[%emt 00:00:08]} 0-1

[Event "ODJM B 2024"]
[Site "Willingen GER"]
[Date "2024.05.25"]
[Round "9"]
[White "Wilke, Ronja"]
[Black "Claussen, Alexander"]
[Result "0-1"]
[Termination "normal"]
[Board "39"]
[WhiteElo "1596"]
[BlackElo "1595"]
[WhiteClock "00:45:59"]
[BlackClock "00:01:38"]
[PlyCount "104"]
[WhiteFideId "16288378"]
[BlackFideId "16248910"]
[EventCountry "GER"]
[EventRounds "9"]
[EventType "swiss"]
[EventDate "2024.05.18"]

1. e4 {[%clk 01:30:59]} e6 {[%clk 01:30:56]} {[%emt 00:00:05]} 2. d4 {[%clk
01:31:21]} {[%emt 00:00:08]} d5 {[%clk 01:31:22]} {[%emt 00:00:04]} 3. e5
{[%clk 01:31:43]} {[%emt 00:00:07]} b6 {[%clk 01:31:48]} {[%emt 00:00:04]} 4.
Nf3 {[%clk 01:31:50]} {[%emt 00:00:23]} Ba6 {[%clk 01:32:09]} {[%emt 00:00:09]}
5. Bxa6 {[%clk 01:31:43]} {[%emt 00:00:37]} Nxa6 {[%emt 00:00:06]} 6. c3 {[%clk
01:32:05]} {[%emt 00:00:07]} Nb8 {[%clk 01:32:27]} {[%emt 00:00:37]} 7. O-O
{[%emt 00:01:30]} c5 {[%clk 01:32:19]} {[%emt 00:00:35]} 8. Be3 {[%clk
01:30:49]} {[%emt 00:00:48]} Nc6 {[%clk 01:32:41]} {[%emt 00:00:09]} 9. Qe2
{[%clk 01:29:51]} {[%emt 00:01:27]} Be7 {[%clk 01:33:03]} {[%emt 00:00:08]} 10.
Nbd2 {[%clk 01:27:38]} {[%emt 00:02:43]} h5 {[%clk 01:30:50]} {[%emt 00:02:43]}
11. h3 {[%clk 01:26:31]} {[%emt 00:01:37]} Nh6 {[%clk 01:31:01]} {[%emt
00:00:19]} 12. Nb3 {[%clk 01:24:56]} {[%emt 00:02:05]} c4 {[%clk 01:28:45]}
{[%emt 00:02:46]} 13. Nc1 {[%clk 01:25:15]} {[%emt 00:00:11]} Nf5 {[%clk
01:25:52]} {[%emt 00:03:23]} 14. Bd2 {[%clk 01:24:00]} {[%emt 00:01:45]} h4
{[%clk 01:25:26]} {[%emt 00:00:56]} 15. Ne1 {[%clk 01:22:41]} {[%emt 00:01:49]}
b5 {[%clk 01:17:46]} {[%emt 00:08:10]} 16. Nc2 {[%clk 01:21:25]} {[%emt
00:01:46]} a6 {[%clk 01:12:26]} {[%emt 00:05:51]} 17. Ne3 {[%clk 01:21:11]}
{[%emt 00:00:42]} g6 {[%clk 01:12:02]} {[%emt 00:00:56]} 18. b3 {[%clk
01:20:44]} {[%emt 00:00:57]} Kd7 {[%clk 01:08:06]} {[%emt 00:04:25]} 19. Qd1
{[%clk 01:18:58]} {[%emt 00:02:17]} Qa5 {[%clk 01:07:48]} {[%emt 00:00:48]} 20.
Ne2 {[%clk 01:17:35]} {[%emt 00:01:53]} Rhc8 {[%clk 01:01:17]} {[%emt
00:07:01]} 21. Kh1 {[%clk 01:13:45]} {[%emt 00:04:19]} Rc7 {[%clk 00:55:34]}
{[%emt 00:06:14]} 22. Ng1 {[%clk 01:12:40]} {[%emt 00:01:34]} Rac8 {[%clk
00:50:47]} {[%emt 00:05:18]} 23. Nxf5 {[%clk 01:12:22]} {[%emt 00:00:48]} gxf5
{[%clk 00:51:08]} {[%emt 00:00:09]} 24. Qh5 {[%clk 01:12:38]} {[%emt 00:00:13]}
Nd8 {[%clk 00:50:10]} {[%emt 00:01:29]} 25. b4 {[%clk 01:12:23]} {[%emt
00:00:45]} Qa3 {[%clk 00:50:19]} {[%emt 00:00:22]} 26. Nf3 {[%clk 01:11:56]}
{[%emt 00:00:56]} a5 {[%clk 00:49:58]} {[%emt 00:00:52]} 27. bxa5 {[%clk
01:12:00]} {[%emt 00:00:25]} Qxa5 {[%clk 00:50:20]} {[%emt 00:00:08]} 28. Nxh4
{[%clk 01:12:20]} {[%emt 00:00:09]} b4 {[%clk 00:50:36]} {[%emt 00:00:15]} 29.
cxb4 {[%clk 01:11:51]} {[%emt 00:00:58]} Bxb4 {[%clk 00:50:56]} {[%emt
00:00:09]} 30. Bxb4 {[%clk 01:11:39]} {[%emt 00:00:42]} Qxb4 {[%clk 00:51:22]}
{[%emt 00:00:05]} 31. Nf3 {[%clk 01:10:05]} {[%emt 00:02:02]} Rb8 {[%clk
00:51:20]} {[%emt 00:00:33]} 32. a4 {[%clk 01:06:24]} {[%emt 00:04:12]} c3
{[%clk 00:48:03]} {[%emt 00:03:48]} 33. Qg5 {[%clk 01:04:14]} {[%emt 00:02:39]}
Nc6 {[%clk 00:45:23]} {[%emt 00:03:10]} 34. Qe3 {[%clk 01:03:30]} {[%emt
00:01:13]} Na5 {[%clk 00:45:10]} {[%emt 00:00:43]} 35. Rac1 {[%clk 01:03:05]}
{[%emt 00:00:55]} c2 {[%clk 00:38:03]} {[%emt 00:07:37]} 36. Qd3 {[%clk
00:59:08]} {[%emt 00:04:27]} Rc3 {[%clk 00:34:57]} {[%emt 00:03:37]} 37. Qa6
{[%clk 00:57:43]} {[%emt 00:01:52]} Nb3 {[%clk 00:33:02]} {[%emt 00:02:27]} 38.
Rce1 {[%clk 00:56:29]} {[%emt 00:01:43]} c1=Q {[%clk 00:32:19]} {[%emt
00:01:14]} 39. Rxc1 {[%clk 00:56:46]} {[%emt 00:00:13]} Rxc1 {[%clk 00:32:43]}
{[%emt 00:00:05]} 40. Rxc1 {[%clk 00:56:38]} {[%emt 00:00:38]} Nxc1 {[%clk
00:33:09]} {[%emt 00:00:05]} 41. Qa7+ {[%clk 00:56:08]} {[%emt 00:00:59]} Rb7
{[%clk 00:31:35]} {[%emt 00:02:04]} 42. Qa8 {[%clk 00:55:08]} {[%emt 00:01:30]}
Ne2 {[%clk 00:24:39]} {[%emt 00:07:26]} 43. Qg8 {[%clk 00:53:59]} {[%emt
00:01:37]} Qe7 {[%clk 00:20:43]} {[%emt 00:04:28]} 44. Qa8 {[%clk 00:53:08]}
{[%emt 00:01:21]} Rc7 {[%clk 00:12:36]} {[%emt 00:08:37]} 45. Qa6 {[%clk
00:52:18]} {[%emt 00:01:20]} Nc3 {[%clk 00:12:11]} {[%emt 00:00:55]} 46. a5
{[%clk 00:52:08]} {[%emt 00:00:40]} Ke8 {[%clk 00:05:31]} {[%emt 00:07:10]} 47.
Qd3 {[%clk 00:48:58]} {[%emt 00:03:37]} Ne4 {[%clk 00:05:40]} {[%emt 00:00:23]}
48. Qe2 {[%clk 00:47:29]} {[%emt 00:01:29]} Rc1+ {[%clk 00:02:28]} {[%emt
00:04:13]} 49. Kh2 {[%clk 00:47:34]} {[%emt 00:00:24]} Qa3 {[%clk 00:01:48]}
{[%emt 00:01:10]} 50. Qa6 {[%clk 00:46:31]} {[%emt 00:01:32]} Kf8 {[%clk
00:01:18]} {[%emt 00:01:02]} 51. Qa8+ {[%clk 00:46:05]} {[%emt 00:00:57]} Kg7
{[%clk 00:01:29]} {[%emt 00:00:18]} 52. Qd8 {[%clk 00:45:59]} {[%emt 00:00:35]}
Qa1 {[%clk 00:01:38]} {[%emt 00:00:22]} 0-1

[Event "ODJM B 2024"]
[Site "Willingen GER"]
[Date "2024.05.25"]
[Round "9"]
[White "Fettig, Konrad"]
[Black "Rodriguez, Philipp"]
[Result "1-0"]
[Termination "normal"]
[Board "40"]
[WhiteElo "1744"]
[BlackElo "1663"]
[WhiteClock "00:43:45"]
[BlackClock "00:46:24"]
[PlyCount "67"]
[WhiteFideId "34622888"]
[BlackFideId "34659170"]
[EventCountry "GER"]
[EventRounds "9"]
[EventType "swiss"]
[EventDate "2024.05.18"]

1. Nf3 {[%clk 01:30:58]} Nf6 {[%clk 01:30:35]} {[%emt 00:00:25]} 2. g3 {[%clk
01:31:08]} {[%emt 00:00:21]} d5 {[%clk 01:29:45]} {[%emt 00:01:20]} 3. Bg2
{[%clk 01:30:54]} {[%emt 00:00:45]} c6 {[%clk 01:29:13]} {[%emt 00:01:01]} 4.
O-O {[%clk 01:29:14]} {[%emt 00:02:09]} e6 {[%clk 01:26:03]} {[%emt 00:03:40]}
5. d4 {[%clk 01:27:58]} {[%emt 00:01:46]} Nbd7 {[%clk 01:23:45]} {[%emt
00:02:48]} 6. c4 {[%clk 01:25:45]} {[%emt 00:02:44]} Be7 {[%clk 01:22:21]}
{[%emt 00:01:53]} 7. cxd5 {[%clk 01:21:20]} {[%emt 00:04:56]} exd5 {[%clk
01:20:00]} {[%emt 00:02:50]} 8. Nc3 {[%clk 01:19:47]} {[%emt 00:02:03]} O-O
{[%clk 01:16:50]} {[%emt 00:03:38]} 9. Re1 {[%clk 01:17:46]} {[%emt 00:02:33]}
Re8 {[%clk 01:14:38]} {[%emt 00:02:42]} 10. e4 {[%clk 01:15:22]} {[%emt
00:02:55]} dxe4 {[%clk 01:14:58]} {[%emt 00:00:09]} 11. Nxe4 {[%clk 01:14:12]}
{[%emt 00:01:41]} Nxe4 {[%clk 01:15:11]} {[%emt 00:00:17]} 12. Rxe4 {[%clk
01:14:35]} {[%emt 00:00:08]} Nf6 {[%clk 01:13:11]} {[%emt 00:02:29]} 13. Re2
{[%clk 01:04:31]} {[%emt 00:10:35]} Bg4 {[%clk 01:10:25]} {[%emt 00:03:15]} 14.
Bg5 {[%clk 01:02:20]} {[%emt 00:02:41]} Nd5 {[%clk 01:04:15]} {[%emt 00:06:39]}
15. Bxe7 {[%clk 01:02:18]} {[%emt 00:00:33]} Rxe7 {[%clk 01:04:36]} {[%emt
00:00:08]} 16. Qe1 {[%clk 01:01:28]} {[%emt 00:01:20]} Rd7 {[%clk 00:59:12]}
{[%emt 00:05:54]} 17. Ne5 {[%clk 00:56:30]} {[%emt 00:05:28]} Bxe2 {[%clk
00:59:17]} {[%emt 00:00:26]} 18. Nxd7 {[%clk 00:56:50]} {[%emt 00:00:10]} Qxd7
{[%clk 00:59:27]} {[%emt 00:00:19]} 19. Qxe2 {[%clk 00:57:06]} {[%emt
00:00:14]} Re8 {[%clk 00:59:26]} {[%emt 00:00:31]} 20. Qd2 {[%clk 00:57:21]}
{[%emt 00:00:15]} Rd8 {[%clk 00:59:34]} {[%emt 00:00:22]} 21. Bxd5 {[%clk
00:52:58]} {[%emt 00:04:53]} Qxd5 {[%clk 00:59:50]} {[%emt 00:00:13]} 22. Re1
{[%clk 00:53:23]} {[%emt 00:00:05]} c5 {[%clk 00:51:40]} {[%emt 00:08:39]} 23.
Qe3 {[%clk 00:52:03]} {[%emt 00:01:51]} h6 {[%clk 00:51:42]} {[%emt 00:00:28]}
24. dxc5 {[%clk 00:52:11]} {[%emt 00:00:22]} Qxa2 {[%clk 00:50:09]} {[%emt
00:02:02]} 25. Qe7 {[%clk 00:46:07]} {[%emt 00:06:34]} Rc8 {[%clk 00:49:19]}
{[%emt 00:01:19]} 26. Qxb7 {[%clk 00:44:42]} {[%emt 00:01:57]} Rxc5 {[%clk
00:49:16]} {[%emt 00:00:32]} 27. Re8+ {[%clk 00:45:02]} {[%emt 00:00:10]} Kh7
{[%clk 00:49:33]} {[%emt 00:00:13]} 28. Qe4+ {[%clk 00:45:24]} {[%emt
00:00:09]} g6 {[%clk 00:49:24]} {[%emt 00:00:38]} 29. Qd4 {[%clk 00:45:39]}
{[%emt 00:00:14]} Rc1+ {[%clk 00:47:41]} {[%emt 00:02:14]} 30. Kg2 {[%clk
00:46:01]} {[%emt 00:00:09]} g5 {[%clk 00:47:29]} {[%emt 00:00:42]} 31. Rh8+
{[%clk 00:45:25]} {[%emt 00:01:06]} Kg6 {[%clk 00:47:50]} {[%emt 00:00:09]} 32.
Rg8+ {[%clk 00:43:41]} {[%emt 00:02:13]} Kh5 {[%clk 00:46:08]} {[%emt
00:02:12]} 33. Qh4+ {[%clk 00:43:45]} {[%emt 00:00:26]} gxh4 {[%clk 00:46:24]}
{[%emt 00:00:14]} 34. g4# {[%emt 00:00:04]} 1-0

[Event "ODJM B 2024"]
[Site "Willingen GER"]
[Date "2024.05.25"]
[Round "9"]
[White "Klockhaus, Daniel"]
[Black "Pflug, Anton"]
[Result "1-0"]
[Termination "normal"]
[Board "41"]
[WhiteElo "1650"]
[BlackElo "1655"]
[WhiteClock "00:13:54"]
[BlackClock "00:00:44"]
[PlyCount "61"]
[WhiteFideId "16299132"]
[BlackFideId "34611495"]
[EventCountry "GER"]
[EventRounds "9"]
[EventType "swiss"]
[EventDate "2024.05.18"]

1. c4 {[%clk 01:30:59]} e5 {[%clk 01:30:41]} {[%emt 00:00:19]} 2. g3 {[%clk
01:31:25]} {[%emt 00:00:04]} Nc6 {[%clk 01:30:54]} {[%emt 00:00:17]} 3. Bg2
{[%clk 01:31:41]} {[%emt 00:00:13]} g6 {[%clk 01:29:50]} {[%emt 00:01:34]} 4.
Nc3 {[%clk 01:30:48]} {[%emt 00:01:22]} Bg7 {[%clk 01:29:54]} {[%emt 00:00:26]}
5. e4 {[%clk 01:31:03]} {[%emt 00:00:15]} Nge7 {[%clk 01:30:08]} {[%emt
00:00:17]} 6. Nge2 {[%clk 01:31:15]} {[%emt 00:00:18]} d6 {[%clk 01:29:00]}
{[%emt 00:01:38]} 7. O-O {[%clk 01:31:10]} {[%emt 00:00:34]} h5 {[%clk
01:28:01]} {[%emt 00:01:29]} 8. d3 {[%clk 01:30:23]} {[%emt 00:01:17]} Nd4
{[%clk 01:26:52]} {[%emt 00:01:40]} 9. Nxd4 {[%clk 01:29:20]} {[%emt 00:01:33]}
exd4 {[%clk 01:27:20]} {[%emt 00:00:02]} 10. Ne2 {[%clk 01:29:10]} {[%emt
00:00:39]} c5 {[%clk 01:26:53]} {[%emt 00:00:57]} 11. f4 {[%clk 01:21:08]}
{[%emt 00:08:32]} h4 {[%clk 01:15:36]} {[%emt 00:11:47]} 12. Qb3 {[%clk
01:06:11]} {[%emt 00:15:27]} Nc6 {[%clk 01:03:09]} {[%emt 00:12:58]} 13. f5
{[%clk 01:02:47]} {[%emt 00:03:54]} hxg3 {[%clk 00:59:13]} {[%emt 00:04:26]}
14. hxg3 {[%clk 01:02:46]} {[%emt 00:00:30]} g5 {[%clk 00:58:53]} {[%emt
00:00:51]} 15. Kf2 {[%clk 00:55:43]} {[%emt 00:07:32]} Be5 {[%clk 00:51:56]}
{[%emt 00:07:28]} 16. Bd2 {[%clk 00:54:06]} {[%emt 00:02:07]} Bd7 {[%clk
00:44:12]} {[%emt 00:08:14]} 17. Rh1 {[%clk 00:52:13]} {[%emt 00:02:21]} Rxh1
{[%clk 00:44:04]} {[%emt 00:00:39]} 18. Rxh1 {[%clk 00:52:41]} {[%emt
00:00:02]} Qe7 {[%clk 00:44:23]} {[%emt 00:00:12]} 19. Rh5 {[%clk 00:49:45]}
{[%emt 00:03:25]} O-O-O {[%clk 00:42:08]} {[%emt 00:02:46]} 20. Bxg5 {[%clk
00:48:39]} {[%emt 00:01:34]} f6 {[%clk 00:42:34]} {[%emt 00:00:06]} 21. Bf4
{[%clk 00:48:25]} {[%emt 00:00:43]} Rg8 {[%clk 00:42:33]} {[%emt 00:00:32]} 22.
Rh3 {[%clk 00:47:18]} {[%emt 00:01:36]} Qg7 {[%clk 00:38:21]} {[%emt 00:04:42]}
23. Qd1 {[%clk 00:41:19]} {[%emt 00:06:28]} Ne7 {[%clk 00:29:09]} {[%emt
00:09:44]} 24. Bxe5 {[%clk 00:33:32]} {[%emt 00:08:17]} fxe5 {[%clk 00:27:26]}
{[%emt 00:02:13]} 25. Qd2 {[%clk 00:31:45]} {[%emt 00:02:16]} Nxf5 {[%clk
00:04:38]} {[%emt 00:23:19]} 26. exf5 {[%clk 00:25:45]} {[%emt 00:06:31]} Bxf5
{[%clk 00:05:04]} {[%emt 00:00:03]} 27. Rh4 {[%clk 00:25:31]} {[%emt 00:00:43]}
Rf8 {[%clk 00:03:54]} {[%emt 00:01:40]} 28. Kg1 {[%clk 00:23:57]} {[%emt
00:02:04]} Qf7 {[%clk 00:03:55]} {[%emt 00:00:29]} 29. Nc1 {[%clk 00:19:03]}
{[%emt 00:05:24]} Bd7 {[%clk 00:03:14]} {[%emt 00:01:12]} 30. Qe1 {[%clk
00:15:43]} {[%emt 00:03:49]} e4 {[%clk 00:00:44]} {[%emt 00:03:02]} 31. Rf4
{[%clk 00:13:54]} {[%emt 00:02:17]} 1-0

[Event "ODJM B 2024"]
[Site "Willingen GER"]
[Date "2024.05.25"]
[Round "9"]
[White "Tulchynsky, Mark"]
[Black "Hoffmann, Svenja"]
[Result "1-0"]
[Termination "normal"]
[Board "42"]
[WhiteElo "1828"]
[BlackElo "1621"]
[WhiteClock "00:58:54"]
[BlackClock "00:40:01"]
[PlyCount "55"]
[WhiteFideId "34617698"]
[BlackFideId "16287312"]
[EventCountry "GER"]
[EventRounds "9"]
[EventType "swiss"]
[EventDate "2024.05.18"]

1. e4 {[%clk 01:30:59]} e5 {[%clk 01:30:54]} {[%emt 00:00:06]} 2. Nf3 {[%clk
01:30:44]} {[%emt 00:00:45]} Nc6 {[%clk 01:31:17]} {[%emt 00:00:07]} 3. Bc4
{[%clk 01:30:33]} {[%emt 00:00:41]} Bc5 {[%clk 01:30:55]} {[%emt 00:00:52]} 4.
c3 {[%clk 01:30:58]} {[%emt 00:00:05]} Nf6 {[%clk 01:31:06]} {[%emt 00:00:19]}
5. d3 {[%clk 01:31:21]} {[%emt 00:00:07]} d6 {[%clk 01:28:01]} {[%emt
00:03:36]} 6. Nbd2 {[%clk 01:28:48]} {[%emt 00:03:03]} Be6 {[%clk 01:26:43]}
{[%emt 00:01:48]} 7. Bb3 {[%clk 01:29:09]} {[%emt 00:00:09]} h6 {[%clk
01:18:56]} {[%emt 00:08:18]} 8. O-O {[%clk 01:29:16]} {[%emt 00:00:23]} Qd7
{[%clk 01:19:16]} {[%emt 00:00:10]} 9. Qe2 {[%clk 01:26:14]} {[%emt 00:03:32]}
O-O-O {[%clk 01:11:20]} {[%emt 00:08:26]} 10. a4 {[%clk 01:24:09]} {[%emt
00:02:34]} a5 {[%clk 01:10:07]} {[%emt 00:01:43]} 11. Bxe6 {[%clk 01:20:08]}
{[%emt 00:04:32]} fxe6 {[%clk 01:08:08]} {[%emt 00:02:29]} 12. Nc4 {[%clk
01:20:27]} {[%emt 00:00:11]} Ba7 {[%clk 01:01:44]} {[%emt 00:06:55]} 13. Be3
{[%clk 01:18:59]} {[%emt 00:01:56]} Bxe3 {[%clk 01:00:26]} {[%emt 00:01:49]}
14. Qxe3 {[%clk 01:18:35]} {[%emt 00:00:54]} g5 {[%clk 00:58:45]} {[%emt
00:02:11]} 15. Rfb1 {[%clk 01:13:45]} {[%emt 00:05:21]} g4 {[%clk 00:57:43]}
{[%emt 00:01:32]} 16. Nh4 {[%clk 01:13:57]} {[%emt 00:00:17]} Nh5 {[%clk
00:57:50]} {[%emt 00:00:22]} 17. g3 {[%clk 01:10:43]} {[%emt 00:03:44]} Qg7
{[%clk 00:57:46]} {[%emt 00:00:35]} 18. b4 {[%clk 01:10:12]} {[%emt 00:01:01]}
d5 {[%clk 00:57:06]} {[%emt 00:01:10]} 19. Nxa5 {[%clk 01:04:44]} {[%emt
00:05:58]} d4 {[%clk 00:57:17]} {[%emt 00:00:18]} 20. Qe1 {[%clk 01:02:36]}
{[%emt 00:02:36]} dxc3 {[%clk 00:54:00]} {[%emt 00:03:49]} 21. Nxc6 {[%clk
01:02:37]} {[%emt 00:00:30]} bxc6 {[%clk 00:54:17]} {[%emt 00:00:13]} 22. Qxc3
{[%clk 01:02:38]} {[%emt 00:00:29]} Qf7 {[%clk 00:53:38]} {[%emt 00:01:09]} 23.
a5 {[%clk 01:01:30]} {[%emt 00:01:38]} Rhf8 {[%clk 00:53:59]} {[%emt 00:00:08]}
24. Ra2 {[%clk 01:01:46]} {[%emt 00:00:14]} Qf6 {[%clk 00:48:28]} {[%emt
00:06:01]} 25. a6 {[%clk 00:59:23]} {[%emt 00:02:54]} Nf4 {[%clk 00:46:36]}
{[%emt 00:02:21]} 26. gxf4 {[%emt 00:00:29]} Qxh4 {[%clk 00:46:57]} {[%emt
00:00:08]} 27. Qxc6 {[%clk 00:58:52]} {[%emt 00:01:04]} exf4 {[%clk 00:40:01]}
{[%emt 00:07:25]} 28. a7 {[%clk 00:58:54]} {[%emt 00:00:29]} 1-0